| 000 | 00763nam a2200289Ia 4500 | ||
|---|---|---|---|
| 001 | 7747 | ||
| 005 | 20240113234032.0 | ||
| 007 | ta | ||
| 008 | 050712s1993 a g b000 u eng u | ||
| 020 | _a81-85182-88-4 | ||
| 040 | _aCotton College,Assam | ||
| 041 | _aeng | ||
| 082 |
_a634.954 _bNe 31 Bi |
||
| 100 | _aNegi, S.S. . | ||
| 245 | 0 |
_aBiodiversity and its Conservation in India / _cS.S. Negi. _hTextual Documents |
|
| 250 | _a1st ed. / | ||
| 260 |
_aNew Delhi : _bIndus Publishing , _c1993. |
||
| 300 |
_a343p. : _bill ; _c22cm . |
||
| 504 | _aIndex | ||
| 653 | _aZoology | ||
| 653 | _aBiological diversity conservation-India | ||
| 653 | _aPG-Zoology | ||
| 942 |
_2ddc _cBK |
||
| 999 |
_c7734 _d7734 |
||